Music Quiz

Random Music or Clickable Quiz

No Strings Attached Quiz Stats

 Plays Quiz Updated Jun 17, 2013

Challenge
Share
Tweet
Embed
Score 0/30 Timer 05:00
3 Plays Today
% Correct
tuba
96%
flute
95.6%
saxophone
95.6%
clarinet
95.2%
bagpipes
94.8%
tambourine
94.7%
cymbal
94.7%
xylophone
94.2%
oboe
93.8%
piccolo
92.4%
bassoon
91.9%
flugelhorn
90.7%
sousaphone
89.6%
tom-tom
89.6%
cornet
87.3%
% Correct
didgeridoo
86.8%
glockenspiel
82.5%
fife
81.9%
euphonium
77.4%
ocarina
75.9%
theremin
62.7%
bombardon
62.2%
tabor
61.7%
flageolet
60%
zampogna
58.5%
shofar
56.4%
ophicleide
55.9%
quinticlave
54.3%
helicon
54.1%
musette
50.7%

You're not logged in!

Compare scores with friends on all Sporcle quizzes.
OR
Log In

You Might Also Like...

Show Comments

Extras

Top Quizzes Today


Score Distribution

Your Account Isn't Verified!

In order to create a playlist on Sporcle, you need to verify the email address you used during registration. Go to your Sporcle Settings to finish the process.

Report this User

Report this user for behavior that violates our Community Guidelines.

Details: